| 000 | 01465nam a2200361 c 4500 | ||
|---|---|---|---|
| 003 | BLK | ||
| 005 | 20241019125557.0 | ||
| 008 | 180408b bul|||||r ||||||| ||bul|| | ||
| 010 | _aKNG00073208000 | ||
| 020 |
_a954-320-048-3 _bиздат.: Рива |
||
| 040 | _aBLK | ||
| 041 |
_aBUL _cBUL |
||
| 080 |
_aИстория на Европа. Средни векове (375-1492) _b940.1 _x _z940.1 |
||
| 100 | 1 |
_aРишар, Жан _eпърви автор _9294157 |
|
| 700 | 1 |
_aИлиева, Веселина _eпрев. от фр. _9366923 |
|
| 139 |
_aРишар, Жан _bР 67 |
||
| 245 | 1 | 0 |
_aИстория на кръстоносните походи _cЖан Ришар; прев. от фр. Веселина Илиева. |
| 257 | _aFRA | ||
| 260 |
_аСофия _bРива _c2005 |
||
| 300 |
_a559 с. _bс к., сх. _c24 см |
||
| 380 | _a9 | ||
| 500 | _aОриг. загл. Histoire des Croisades / Jean Richard. - Офс. изд. - Съдържа и Хронология ; Генеалогични таблици. - Библиогр. с. 525-537 ; Именен показалец. | ||
| 504 | _a525-537 | ||
| 650 | 4 |
_aКръстоносни походи _9159774 |
|
| 653 | _aкръстоносни походи | ||
| 653 | _aистория | ||
| 852 | _aЦб 232537 | ||
| 856 | 4 |
_qpdf _u |
|
| 856 | 4 |
_qpdf _u |
|
| 942 |
_cKNG _n0 _02 |
||
| 944 |
_aCR _c20.03.2007 _k30570 _lМоника Янева |
||
| 944 |
_aED _c13.10.2008 _k |
||
| 999 |
_c68877 _d68877 |
||